000 00234nmm a2200085Ia 4500
008 220120s9999||||xx |||||||||||||||||und||
100 _aIT
_910698
245 0 _aSquid web proxy : win proxy 6.1, Java server 2.4.6.1, free p
260 _c2006
999 _c138500
_d138500